[Event "Kuppenheim 12h-Blitz (4m + 0s)"]
[Site "Rochade Kuppenheim"]
[Date "2004.05.14"]
[Round "1.1"]
[White "Kingloek"]
[Black "Hoffmann (Kuppenheim)"]
[Result "1-0"]
[WhiteElo "2740"]
[BlackElo "1750"]
[PlyCount "69"]
[EventDate "2004.05.14"]

1. d4 {1} 1... d6 {4} 2. Nf3 {2} 2... f5 {2} 3. g3 {2} 3... Nf6 {1} 4. Bg2 {0}
4... g6 {1} 5. O-O {0} 5... Bg7 {1} 6. b4 {0} 6... O-O {1} 7. Bb2 {0} 7... Kh8
{2} 8. c4 {2} 8... Qe8 {1} 9. Nc3 {2} 9... a6 {4} 10. Re1 {2} 10... e5 {3} 11.
dxe5 {2} 11... dxe5 {1} 12. e4 {1} 12... f4 {8} 13. Nd5 {2} 13... Nxd5 {7} 14.
exd5 {1} 14... h6 {11} 15. Nxe5 {2} 15... Kh7 {7} 16. Be4 {12} 16... Bxe5 {26}
17. Bxe5 {3} 17... Qf7 {1} 18. Bxf4 {8} 18... Bf5 {6} 19. Bxf5 {3} 19... Qxf5 {
1} 20. Re7+ {6} 20... Rf7 {7} 21. Re8 {2} 21... Rf8 {4} 22. Rxf8 {6} 22... Qxf8
{2} 23. c5 {7} 23... Qf7 {8} 24. Qd4 {7} 24... Nd7 {8} 25. Re1 {4} 25... Re8 {8
} 26. Rxe8 {6} 26... Qxe8 {1} 27. Bxc7 {4} 27... Qe1+ {15} 28. Kg2 {1} 28...
Qe7 {0} 29. Qe3 {13} 29... Qg7 {14} 30. Bd6 {17} 30... Nf6 {19} 31. Qe6 {3}
31... Ng8 {16} 32. c6 {7} 32... bxc6 {2} 33. dxc6 {1} 33... Qc3 {7} 34. Be5 {7}
34... Qc1 {27} 35. Qf7# {(Lag: Av=0.47s, max=1.0s) 2} 1-0

[Event "Kuppenheim 12h-Blitz (4m + 0s)"]
[Site "Rochade Kuppenheim"]
[Date "2004.05.14"]
[Round "1.2"]
[White "Anderssen (Kuppenheim)"]
[Black "Kingloek"]
[Result "0-1"]
[WhiteElo "2128"]
[BlackElo "2740"]
[PlyCount "80"]
[EventDate "2004.05.14"]

1. d4 {5} 1... Nf6 {1} 2. c4 {2} 2... g6 {0} 3. Nc3 {2} 3... d5 {1} 4. cxd5 {2}
4... Nxd5 {1} 5. e4 {2} 5... Nxc3 {1} 6. bxc3 {1} 6... Bg7 {0} 7. Nf3 {3} 7...
c5 {1} 8. Be3 {2} 8... Qa5 {5} 9. Qd2 {4} 9... Nc6 {2} 10. Rc1 {6} 10... cxd4 {
6} 11. cxd4 {3} 11... Qxd2+ {0} 12. Kxd2 {2} 12... O-O {0} 13. d5 {7} 13... Rd8
{1} 14. Ke1 {20} 14... Na5 {1} 15. Bd2 {11} 15... b6 {2} 16. Bxa5 {13} 16...
bxa5 {1} 17. Bc4 {3} 17... Rb8 {5} 18. Nd2 {30} 18... Rb2 {10} 19. Rb1 {22}
19... Rxb1+ {27} 20. Nxb1 {1} 20... Bd7 {0} 21. Ke2 {14} 21... Rb8 {1} 22. Nd2
{3} 22... Rb2 {3} 23. Rb1 {3} 23... Rb4 {7} 24. a3 {8} 24... Rb6 {1} 25. Bd3 {7
} 25... a4 {14} 26. Nc4 {6} 26... Rb3 {1} 27. Bc2 {12} 27... Rb5 {8} 28. Rxb5 {
7} 28... Bxb5 {1} 29. Bd3 {1} 29... a6 {7} 30. Kd2 {2} 30... Bd4 {3} 31. f3 {1}
31... Kg7 {6} 32. Kc2 {3} 32... Kf6 {5} 33. Nb2 {12} 33... Bc5 {6} 34. Nc4 {6}
34... Bd4 {4} 35. f4 {3} 35... Kg7 {11} 36. e5 {4} 36... Kf8 {1} 37. d6 {2}
37... Ke8 {4} 38. g3 {2} 38... Kd7 {' 6} 39. dxe7 {3} 39... Kxe7 {2} 40. Nd6 {1
} 40... Bc6 {Zeit  (Lag: Av=0.43s, max=0.8s) . 4} 0-1

[Event "Kuppenheim 12h-Blitz (4m + 0s)"]
[Site "Rochade Kuppenheim"]
[Date "2004.05.14"]
[Round "1.3"]
[White "Kingloek"]
[Black "Lang (Kuppenheim)"]
[Result "1-0"]
[WhiteElo "2740"]
[BlackElo "2365"]
[PlyCount "65"]
[EventDate "2004.05.14"]

1. d4 {1} 1... d6 {4} 2. Nf3 {2} 2... Nf6 {2} 3. c4 {1} 3... Nbd7 {4} 4. Nc3 {1
} 4... e5 {1} 5. g3 {1} 5... Be7 {1} 6. Bg2 {0} 6... O-O {0} 7. O-O {1} 7... c6
{1} 8. h3 {1} 8... a6 {4} 9. Qc2 {1} 9... b5 {4} 10. Rd1 {3} 10... Qc7 {5} 11.
b3 {4} 11... Bb7 {7} 12. Bb2 {2} 12... Rad8 {3} 13. Rac1 {2} 13... Rfe8 {4} 14.
e4 {6} 14... Bf8 {5} 15. cxb5 {10} 15... cxb5 {2} 16. d5 {9} 16... Rc8 {4} 17.
Qe2 {7} 17... Qa5 {6} 18. Nd2 {5} 18... g6 {7} 19. a3 {5} 19... Bh6 {2} 20. b4
{2} 20... Qb6 {3} 21. Rc2 {4} 21... Rc7 {3} 22. a4 {18} 22... bxa4 {11} 23.
Nxa4 {4} 23... Rxc2 {1} 24. Nxb6 {2} 24... Rxb2 {1} 25. Nxd7 {2} 25... Nxd7 {2}
26. Qd3 {9} 26... Rc8 {6} 27. Nc4 {3} 27... Rxb4 {11} 28. Nxd6 {1} 28... Ra8 {6
} 29. Qc3 {8} 29... Rb6 {18} 30. Qc7 {2} 30... Rxd6 {2} 31. Qxd6 {3} 31... Nf8
{11} 32. Rb1 {3} 32... Bc8 {5} 33. Qc6 {
Kuppenheim gibt auf  (Lag: Av=0.36s, max=0.4s) 2} 1-0

[Event "Kuppenheim 12h-Blitz (4m + 0s)"]
[Site "Rochade Kuppenheim"]
[Date "2004.05.14"]
[Round "1.4"]
[White "Morawietz (Kuppenheim)"]
[Black "Kingloek"]
[Result "0-1"]
[WhiteElo "1899"]
[BlackElo "2740"]
[PlyCount "52"]
[EventDate "2004.05.14"]

1. e4 {2} 1... e5 {2} 2. f4 {3} 2... exf4 {2} 3. Nf3 {2} 3... d6 {1} 4. d4 {2}
4... g5 {3} 5. Bc4 {2} 5... Bg7 {3} 6. c3 {2} 6... c6 {8} 7. O-O {3} 7... d5 {4
} 8. exd5 {2} 8... cxd5 {1} 9. Bd3 {1} 9... h6 {3} 10. Ne5 {2} 10... Nc6 {3}
11. Qe2 {4} 11... Nxe5 {2} 12. dxe5 {3} 12... Ne7 {2} 13. Na3 {5} 13... Nc6 {5}
14. Re1 {4} 14... Nxe5 {5} 15. Qxe5+ {4} 15... Bxe5 {2} 16. Rxe5+ {3} 16... Be6
{1} 17. Bb5+ {4} 17... Kf8 {2} 18. Nc2 {1} 18... Qd6 {9} 19. Re1 {4} 19... Bf5
{4} 20. Nd4 {3} 20... Be4 {1} 21. Bd2 {4} 21... a6 {3} 22. Be2 {3} 22... Re8 {3
} 23. Bf3 {4} 23... Qg6 {5} 24. Re2 {12} 24... Bxf3 {4} 25. gxf3 {1} 25... Rxe2
{2} 26. Nxe2 {1} 26... Qd3 {Kuppenheim gibt auf  (Lag: Av=0.38s, max=0.7s) 1}
0-1

[Event "Kuppenheim 12h-Blitz (4m + 0s)"]
[Site "Rochade Kuppenheim"]
[Date "2004.05.14"]
[Round "1.5"]
[White "Linder (Kuppenheim)"]
[Black "Kingloek"]
[Result "0-1"]
[WhiteElo "1822"]
[BlackElo "2740"]
[PlyCount "54"]
[EventDate "2004.05.14"]

1. c4 {4} 1... Nf6 {2} 2. g3 {3} 2... c6 {2} 3. Bg2 {2} 3... d5 {0} 4. Nf3 {2}
4... Bf5 {3} 5. O-O {3} 5... e6 {1} 6. b3 {2} 6... Nbd7 {2} 7. Bb2 {2} 7... Bd6
{1} 8. d3 {6} 8... O-O {3} 9. Nbd2 {4} 9... Qe7 {4} 10. Re1 {8} 10... Bg6 {9}
11. e4 {3} 11... dxe4 {1} 12. dxe4 {3} 12... e5 {1} 13. Rc1 {10} 13... a5 {7}
14. a4 {4} 14... Rad8 {11} 15. Qe2 {6} 15... Ba3 {5} 16. Bxa3 {6} 16... Qxa3 {2
} 17. Nh4 {6} 17... Nc5 {7} 18. Nxg6 {5} 18... hxg6 {2} 19. Rc3 {25} 19... Qb2
{6} 20. Nb1 {25} 20... Qxe2 {2} 21. Rxe2 {4} 21... Rd1+ {0} 22. Bf1 {3} 22...
Rxb1 {1} 23. Kg2 {3} 23... Rd8 {3} 24. f3 {9} 24... Nxb3 {9} 25. Kf2 {12} 25...
Rdd1 {7} 26. Bh3 {4} 26... Nd4 {2} 27. Ra2 {6} 27... Rh1 {
Kuppenheim gibt auf  (Lag: Av=0.34s, max=0.5s) 6} 0-1

[Event "Kuppenheim 12h-Blitz (4m + 0s)"]
[Site "Rochade Kuppenheim"]
[Date "2004.05.14"]
[Round "1.6"]
[White "Vollmer (Kuppenheim)"]
[Black "Kingloek"]
[Result "0-1"]
[WhiteElo "1780"]
[BlackElo "2740"]
[PlyCount "52"]
[EventDate "2004.05.14"]

1. d4 {2} 1... Nf6 {2} 2. Nf3 {1} 2... d5 {3} 3. c3 {1} 3... c5 {2} 4. Bf4 {2}
4... Nc6 {1} 5. e3 {2} 5... Qb6 {1} 6. Qb3 {2} 6... c4 {1} 7. Qxb6 {2} 7...
axb6 {2} 8. Nbd2 {3} 8... b5 {3} 9. a3 {2} 9... b4 {2} 10. cxb4 {3} 10... Nxb4
{2} 11. O-O-O {4} 11... Bf5 {23} 12. e4 {17} 12... dxe4 {9} 13. Nh4 {5} 13...
Bg4 {27} 14. Re1 {26} 14... Nbd5 {10} 15. Be3 {25} 15... c3 {4} 16. Bb5+ {4}
16... Bd7 {2} 17. Bxd7+ {4} 17... Kxd7 {1} 18. bxc3 {14} 18... Rxa3 {7} 19. Kb2
{14} 19... Rxc3 {2} 20. Nf5 {24} 20... e6 {6} 21. Ng3 {2} 21... Ba3+ {4} 22.
Kb1 {8} 22... Nb4 {10} 23. Ndxe4 {12} 23... Nxe4 {5} 24. Nxe4 {1} 24... Rb3+ {1
} 25. Ka1 {10} 25... Nc2+ {1} 26. Ka2 {3} 26... Rb2# {
(Lag: Av=0.35s, max=0.4s) 1} 0-1

[Event "Kuppenheim 12h-Blitz (4m + 0s)"]
[Site "Rochade Kuppenheim"]
[Date "2004.05.14"]
[Round "1.7"]
[White "Thoms (Kuppenheim)"]
[Black "Kingloek"]
[Result "0-1"]
[WhiteElo "2050"]
[BlackElo "2740"]
[PlyCount "64"]
[EventDate "2004.05.14"]

1. e4 {7} 1... c5 {3} 2. Nc3 {5} 2... Nc6 {2} 3. g3 {2} 3... g6 {1} 4. Bg2 {2}
4... Bg7 {0} 5. d3 {2} 5... e5 {2} 6. f4 {4} 6... Nge7 {2} 7. Nf3 {3} 7... d6 {
2} 8. O-O {2} 8... O-O {2} 9. h3 {4} 9... Nd4 {5} 10. g4 {8} 10... exf4 {5} 11.
Bxf4 {4} 11... Nec6 {1} 12. Qd2 {6} 12... Be6 {4} 13. Bh6 {6} 13... b5 {18} 14.
Bxg7 {5} 14... Kxg7 {1} 15. Rae1 {5} 15... b4 {2} 16. Nd1 {5} 16... a5 {8} 17.
Ne3 {4} 17... Ne5 {5} 18. Nxe5 {7} 18... dxe5 {1} 19. Nd5 {3} 19... f6 {8} 20.
c3 {5} 20... Nb5 {3} 21. c4 {6} 21... Nd4 {2} 22. Kh2 {6} 22... Bxd5 {2} 23.
exd5 {3} 23... Qd6 {2} 24. Kh1 {2} 24... Rab8 {8} 25. Rf2 {4} 25... Rbe8 {2}
26. Ref1 {4} 26... f5 {3} 27. gxf5 {4} 27... gxf5 {1} 28. Qg5+ {7} 28... Qg6 {2
} 29. Qh4 {6} 29... Kh8 {10} 30. Rg1 {3} 30... Rg8 {4} 31. Rgf1 {33} 31... Rg7
{7} 32. Bf3 {5} 32... Nxf3 {Kuppenheim gibt auf  (Lag: Av=0.37s, max=1.4s) 3}
0-1

[Event "Kuppenheim 12h-Blitz (4m + 0s)"]
[Site "Rochade Kuppenheim"]
[Date "2004.05.14"]
[Round "1.8"]
[White "Kingloek"]
[Black "Schneider (Kuppenheim)"]
[Result "1-0"]
[WhiteElo "2740"]
[BlackElo "2254"]
[PlyCount "69"]
[EventDate "2004.05.14"]

1. d4 {1} 1... Nf6 {3} 2. c4 {1} 2... c5 {1} 3. d5 {1} 3... b5 {1} 4. cxb5 {1}
4... a6 {0} 5. bxa6 {0} 5... Bxa6 {1} 6. Nc3 {0} 6... g6 {3} 7. Nf3 {1} 7...
Bg7 {3} 8. g3 {0} 8... d6 {2} 9. Bg2 {1} 9... O-O {1} 10. Rb1 {1} 10... Nbd7 {3
} 11. O-O {9} 11... Qa5 {4} 12. Qc2 {2} 12... Rfb8 {3} 13. Rd1 {6} 13... Ng4 {
19} 14. Bd2 {5} 14... Qb6 {8} 15. h3 {5} 15... Nge5 {8} 16. b3 {2} 16... Nxf3+
{8} 17. Bxf3 {2} 17... Bc8 {6} 18. Bg2 {7} 18... Bb7 {28} 19. Na4 {8} 19... Qa7
{3} 20. Bc3 {1} 20... Nf6 {9} 21. e4 {10} 21... Bc8 {5} 22. Ba1 {6} 22... Bd7 {
4} 23. Nc3 {2} 23... Qa5 {7} 24. Kh2 {8} 24... Ne8 {8} 25. f4 {5} 25... Bd4 {8}
26. Ne2 {11} 26... Bxa1 {4} 27. Rxa1 {2} 27... Qa3 {4} 28. g4 {
Kuppenheim bietet Remis 15} 28... Bb5 {10} 29. Nc3 {7} 29... Nc7 {5} 30. e5 {2}
30... Qb4 {6} 31. Ne4 {7} 31... Ra3 {15} 32. Qf2 {9} 32... Ne8 {5} 33. Qh4 {6}
33... Rb7 {14} 34. Kh1 {5} 34... Qxb3 {22} 35. axb3 {
Zeit  (Lag: Av=0.37s, max=0.5s) 3} 1-0

[Event "Kuppenheim 12h-Blitz (4m + 0s)"]
[Site "Rochade Kuppenheim"]
[Date "2004.05.14"]
[Round "1.9"]
[White "Ahner (Kuppenheim)"]
[Black "Kingloek"]
[Result "0-1"]
[WhiteElo "1967"]
[BlackElo "2740"]
[PlyCount "76"]
[EventDate "2004.05.14"]

1. e4 {3} 1... c5 {2} 2. Nf3 {2} 2... d6 {1} 3. d3 {2} 3... Nc6 {2} 4. g3 {1}
4... g6 {1} 5. Bg2 {1} 5... Bg7 {0} 6. O-O {1} 6... e5 {0} 7. Nbd2 {6} 7...
Nge7 {1} 8. a4 {3} 8... O-O {2} 9. Nc4 {1} 9... h6 {2} 10. h3 {5} 10... Be6 {2}
11. Ne3 {2} 11... d5 {3} 12. c3 {9} 12... Qd7 {6} 13. Kh2 {3} 13... Rfd8 {4}
14. Qc2 {2} 14... Rac8 {5} 15. b3 {15} 15... dxe4 {10} 16. dxe4 {1} 16... Na5 {
1} 17. c4 {6} 17... Qd3 {3} 18. Rb1 {13} 18... Nec6 {6} 19. Ne1 {4} 19... Qxc2
{7} 20. N1xc2 {3} 20... Nd4 {1} 21. Nxd4 {3} 21... cxd4 {5} 22. Nd5 {1} 22...
Nc6 {20} 23. Ba3 {9} 23... Bf8 {3} 24. Bxf8 {2} 24... Kxf8 {1} 25. f4 {5} 25...
Kg7 {1} 26. f5 {4} 26... Bxd5 {4} 27. exd5 {3} 27... Nb4 {3} 28. Be4 {5} 28...
a5 {5} 29. g4 {4} 29... Na6 {2} 30. h4 {10} 30... Nc5 {2} 31. Rfe1 {4} 31... g5
{3} 32. Bc2 {20} 32... Re8 {3} 33. hxg5 {3} 33... hxg5 {2} 34. b4 {4} 34...
axb4 {4} 35. Rxb4 {1} 35... d3 {8} 36. Bd1 {3} 36... e4 {1} 37. Kg3 {3} 37...
Kf6 {5} 38. Re3 {4} 38... Ke5 {Kuppenheim gibt auf  (Lag: Av=0.38s, max=1.1s) 2
} 0-1

[Event "Kuppenheim 12h-Blitz (4m + 0s)"]
[Site "Rochade Kuppenheim"]
[Date "2004.05.14"]
[Round "1.10"]
[White "Kingloek"]
[Black "v.d. Ahe (Kuppenheim)"]
[Result "1-0"]
[WhiteElo "2740"]
[BlackElo "1700"]
[PlyCount "57"]
[EventDate "2004.05.14"]

1. d4 {1} 1... Nf6 {2} 2. c4 {1} 2... c5 {0} 3. d5 {1} 3... e6 {0} 4. Nc3 {1}
4... exd5 {0} 5. cxd5 {1} 5... d6 {0} 6. e4 {0} 6... g6 {1} 7. f4 {0} 7... Bg7
{0} 8. Bb5+ {1} 8... Bd7 {1} 9. e5 {3} 9... dxe5 {2} 10. fxe5 {1} 10... Qe7 {1}
11. Qe2 {18} 11... Bxb5 {9} 12. Qxb5+ {5} 12... Nfd7 {1} 13. Qxb7 {10} 13...
Qxe5+ {4} 14. Nge2 {2} 14... O-O {18} 15. Qxa8 {4} 15... Nb6 {23} 16. Qxa7 {7}
16... Nxd5 {20} 17. Qxc5 {4} 17... Re8 {10} 18. Qxd5 {5} 18... Qc7 {13} 19. O-O
{6} 19... Rd8 {10} 20. Qf3 {13} 20... f5 {12} 21. Bf4 {9} 21... Qb6+ {4} 22.
Kh1 {1} 22... Nc6 {9} 23. Rad1 {2} 23... Re8 {9} 24. Rd6 {4} 24... Qxb2 {17}
25. Qxc6 {7} 25... Rxe2 {7} 26. Qc4+ {4} 26... Kh8 {14} 27. Rd8+ {3} 27... Bf8
{5} 28. Rxf8+ {2} 28... Kg7 {2} 29. Qf7# {(Lag: Av=0.38s, max=0.8s) 1} 1-0

[Event "Kuppenheim 12h-Blitz (4m + 0s)"]
[Site "Rochade Kuppenheim"]
[Date "2004.05.14"]
[Round "1.11"]
[White "Günther (Kuppenheim)"]
[Black "Kingloek"]
[Result "0-1"]
[WhiteElo "1970"]
[BlackElo "2740"]
[PlyCount "30"]
[EventDate "2004.05.14"]

1. d4 {4} 1... Nf6 {2} 2. Nf3 {2} 2... d5 {2} 3. Bf4 {2} 3... c5 {2} 4. e3 {3}
4... Nc6 {1} 5. c3 {1} 5... Qb6 {1} 6. Qb3 {14} 6... c4 {2} 7. Qc2 {1} 7... Bf5
{2} 8. Qc1 {0} 8... e6 {2} 9. Nbd2 {2} 9... Qd8 {4} 10. Be2 {1} 10... b5 {5}
11. b3 {8} 11... Rc8 {5} 12. bxc4 {2} 12... bxc4 {1} 13. O-O {1} 13... Qa5 {2}
14. Qb2 {7} 14... Ba3 {8} 15. Qb1 {6} 15... Bxb1 {
Kuppenheim gibt auf  (Lag: Av=0.34s, max=0.5s) 2} 0-1

[Event "Kuppenheim 12h-Blitz (4m + 0s)"]
[Site "Rochade Kuppenheim"]
[Date "2004.05.14"]
[Round "1.12"]
[White "Kingloek"]
[Black "Kandic (Kuppenheim)"]
[Result "1-0"]
[WhiteElo "2740"]
[BlackElo "2150"]
[PlyCount "41"]
[EventDate "2004.05.14"]

1. d4 {0} 1... Nf6 {5} 2. c4 {1} 2... d6 {1} 3. Nf3 {2} 3... Nbd7 {3} 4. Nc3 {1
} 4... e5 {2} 5. g3 {0} 5... Be7 {2} 6. Bg2 {1} 6... O-O {1} 7. O-O {0} 7... c6
{2} 8. Qc2 {1} 8... Qc7 {2} 9. Rd1 {1} 9... Re8 {2} 10. h3 {3} 10... Nf8 {4}
11. e4 {5} 11... g6 {4} 12. Be3 {3} 12... Ne6 {6} 13. b4 {7} 13... Ng7 {6} 14.
c5 {7} 14... Nfh5 {7} 15. cxd6 {4} 15... Bxd6 {6} 16. dxe5 {1} 16... Bxe5 {14}
17. Nxe5 {2} 17... Qxe5 {2} 18. Qd2 {12} 18... Be6 {14} 19. g4 {7} 19... Nf6 {8
} 20. Bd4 {3} 20... Nxe4 {22} 21. Nxe4 {
Kuppenheim gibt auf  (Lag: Av=0.36s, max=0.6s) 3} 1-0

[Event "Kuppenheim 12h-Blitz (4m + 0s)"]
[Site "Rochade Kuppenheim"]
[Date "2004.05.14"]
[Round "1.13"]
[White "Donchenko (Kuppenheim)"]
[Black "Kingloek"]
[Result "0-1"]
[WhiteElo "2407"]
[BlackElo "2740"]
[PlyCount "100"]
[EventDate "2004.05.14"]

1. Nf3 {4} 1... Nf6 {2} 2. c4 {3} 2... c5 {2} 3. Nc3 {4} 3... d5 {2} 4. cxd5 {2
} 4... Nxd5 {1} 5. e4 {3} 5... Nb4 {4} 6. Bb5+ {3} 6... N8c6 {1} 7. d4 {3} 7...
cxd4 {1} 8. a3 {2} 8... dxc3 {3} 9. Qxd8+ {3} 9... Kxd8 {2} 10. axb4 {2} 10...
cxb2 {2} 11. Bxb2 {2} 11... f6 {1} 12. e5 {4} 12... Bd7 {5} 13. Rd1 {7} 13...
Ke8 {1} 14. Nd4 {7} 14... Nxe5 {7} 15. Bxd7+ {4} 15... Nxd7 {8} 16. Ne6 {6}
16... Rc8 {29} 17. O-O {6} 17... Nb6 {4} 18. Bd4 {7} 18... Rc6 {4} 19. Bxb6 {5}
19... Rxb6 {10} 20. Rfe1 {16} 20... Kf7 {13} 21. Nd8+ {4} 21... Kg6 {1} 22. Rd7
{7} 22... e5 {6} 23. Nxb7 {7} 23... Rxb4 {14} 24. g3 {6} 24... Rb6 {5} 25. Na5
{4} 25... a6 {8} 26. Rc1 {5} 26... Bb4 {5} 27. Nc4 {9} 27... Re6 {3} 28. Ne3 {5
} 28... a5 {5} 29. Rcc7 {5} 29... Rg8 {1} 30. h4 {3} 30... h5 {1} 31. Nd5 {7}
31... Ra6 {2} 32. Rb7 {6} 32... Kf5 {3} 33. Kg2 {4} 33... Bc5 {5} 34. Rbc7 {8}
34... Bb4 {4} 35. Rb7 {3} 35... Ba3 {3} 36. Kf3 {9} 36... a4 {3} 37. Ra7 {3}
37... Rxa7 {3} 38. Rxa7 {5} 38... Bc5 {1} 39. Rxa4 {4} 39... Rb8 {1} 40. Rc4 {6
} 40... Rb3+ {2} 41. Ne3+ {4} 41... Bxe3 {7} 42. fxe3 {3} 42... g5 {3} 43. hxg5
{3} 43... fxg5 {1} 44. Ra4 {2} 44... g4+ {9} 45. Kf2 {3} 45... Rb2+ {1} 46. Kf1
{1} 46... Rc2 {1} 47. Rb4 {2} 47... Ke6 {2} 48. Ra4 {1} 48... Kd5 {1} 49. Rb4 {
2} 49... Rc4 {1} 50. Rb1 {3} 50... Ke4 {Zeit  (Lag: Av=0.36s, max=1.0s) . 1}
0-1

[Event "Kuppenheim 12h-Blitz (4m + 0s)"]
[Site "Rochade Kuppenheim"]
[Date "2004.05.14"]
[Round "1.14"]
[White "Kingloek"]
[Black "Gourdier (Kuppenheim)"]
[Result "1-0"]
[WhiteElo "2740"]
[BlackElo "2167"]
[PlyCount "113"]
[EventDate "2004.05.14"]

1. d4 {1} 1... Nf6 {2} 2. c4 {1} 2... c5 {2} 3. d5 {1} 3... b5 {1} 4. cxb5 {1}
4... a6 {1} 5. b6 {1} 5... d6 {2} 6. Nc3 {1} 6... Qxb6 {1} 7. e4 {2} 7... g6 {2
} 8. Nf3 {3} 8... Bg7 {1} 9. Be2 {2} 9... O-O {1} 10. Nd2 {8} 10... a5 {3} 11.
Nc4 {2} 11... Qc7 {5} 12. Bf4 {2} 12... Ba6 {2} 13. O-O {8} 13... Nbd7 {3} 14.
h3 {5} 14... Bxc4 {2} 15. Bxc4 {1} 15... Nb6 {1} 16. Bb5 {4} 16... Rfb8 {1} 17.
a4 {1} 17... Nc8 {4} 18. Qc2 {8} 18... Nd7 {3} 19. Bg3 {6} 19... Na7 {3} 20.
Bc4 {2} 20... Rb4 {3} 21. b3 {2} 21... Nb6 {1} 22. Qd3 {31} 22... Nxc4 {4} 23.
bxc4 {1} 23... Rab8 {2} 24. Ra3 {7} 24... Nc8 {2} 25. Nb5 {2} 25... Qd7 {3} 26.
Bf4 {4} 26... Nb6 {3} 27. Rc1 {5} 27... Rxa4 {4} 28. Rxa4 {2} 28... Nxa4 {0}
29. Bd2 {6} 29... Nb6 {21} 30. Rb1 {5} 30... a4 {3} 31. Na3 {4} 31... Qa7 {7}
32. Qc2 {2} 32... Nd7 {13} 33. Rb5 {2} 33... Ne5 {11} 34. Rxb8+ {7} 34... Qxb8
{1} 35. Qxa4 {1} 35... Qb2 {7} 36. Qe8+ {4} 36... Bf8 {1} 37. Bh6 {2} 37... Nd7
{4} 38. Nb5 {2} 38... Qb1+ {10} 39. Kh2 {2} 39... Qxe4 {0} 40. Bg5 {18} 40...
Qxc4 {5} 41. Qxd7 {2} 41... Qxd5 {3} 42. Bh4 {6} 42... c4 {3} 43. Qe8 {4} 43...
c3 {3} 44. Nxc3 {2} 44... Qe5+ {1} 45. f4 {1} 45... Qxc3 {1} 46. Bxe7 {2} 46...
Qg7 {3} 47. Bxd6 {2} 47... h5 {Kuppenheim bietet Remis 2} 48. Be7 {5} 48... f6
{7} 49. Bxf8 {1} 49... Qxf8 {1} 50. Qxg6+ {0} 50... Qg7 {1} 51. Qxg7+ {2} 51...
Kxg7 {1} 52. Kg3 {1} 52... Kg6 {0} 53. Kh4 {1} 53... Kf5 {3} 54. Kxh5 {3} 54...
Kxf4 {1} 55. Kg6 {1} 55... Kg3 {2} 56. Kxf6 {2} 56... Kxg2 {1} 57. h4 {
Kuppenheim gibt auf  (Lag: Av=0.37s, max=0.7s) 1} 1-0

[Event "Kuppenheim 12h-Blitz (4m + 0s)"]
[Site "Rochade Kuppenheim"]
[Date "2004.05.14"]
[Round "1.15"]
[White "Wimmer (Kuppenheim)"]
[Black "Kingloek"]
[Result "0-1"]
[WhiteElo "2020"]
[BlackElo "2740"]
[PlyCount "78"]
[EventDate "2004.05.14"]

1. d4 {2} 1... Nf6 {1} 2. c4 {1} 2... g6 {1} 3. Nf3 {1} 3... d5 {0} 4. g3 {1}
4... Bg7 {3} 5. Bg2 {1} 5... dxc4 {2} 6. O-O {1} 6... O-O {2} 7. Ne5 {1} 7...
Ne8 {6} 8. Na3 {1} 8... Nd6 {1} 9. Naxc4 {3} 9... Nxc4 {1} 10. Nxc4 {2} 10...
Qxd4 {2} 11. Qxd4 {2} 11... Bxd4 {1} 12. Rd1 {2} 12... Bg7 {7} 13. Bf4 {3}
13... c6 {2} 14. Rac1 {9} 14... Nd7 {2} 15. b4 {4} 15... Nb6 {11} 16. Na5 {4}
16... Nd5 {26} 17. Bxd5 {2} 17... cxd5 {1} 18. Rxd5 {2} 18... Be6 {1} 19. Rd2 {
7} 19... Rac8 {7} 20. Rxc8 {3} 20... Rxc8 {2} 21. Nxb7 {5} 21... Bc3 {7} 22.
Rd8+ {3} 22... Rxd8 {2} 23. Nxd8 {1} 23... Bxa2 {11} 24. b5 {2} 24... Bc4 {3}
25. Nc6 {1} 25... Bxb5 {5} 26. Nxe7+ {2} 26... Kg7 {4} 27. Nd5 {2} 27... Bb2 {1
} 28. Be3 {8} 28... a5 {4} 29. Bd2 {9} 29... a4 {3} 30. Nb4 {3} 30... Bxe2 {6}
31. Na2 {2} 31... Bc4 {5} 32. Bc3+ {1} 32... Bxc3 {2} 33. Nxc3 {1} 33... a3 {1}
34. f4 {6} 34... a2 {1} 35. Nxa2 {0} 35... Bxa2 {1} 36. Kf2 {1} 36... h5 {1}
37. Ke3 {3} 37... Kf6 {1} 38. h3 {3} 38... Be6 {2} 39. h4 {1} 39... Kf5 {
Kuppenheim gibt auf  (Lag: Av=0.36s, max=0.9s) 1} 0-1

[Event "Kuppenheim 12h-Blitz (4m + 0s)"]
[Site "Rochade Kuppenheim"]
[Date "2004.05.14"]
[Round "1.16"]
[White "Kingloek"]
[Black "Reinhart (Kuppenheim)"]
[Result "1-0"]
[WhiteElo "2740"]
[BlackElo "2100"]
[PlyCount "41"]
[EventDate "2004.05.14"]

1. d4 {1} 1... c6 {2} 2. c4 {1} 2... d5 {1} 3. Nc3 {1} 3... dxc4 {3} 4. e3 {4}
4... b5 {2} 5. Nxb5 {10} 5... cxb5 {2} 6. Qf3 {2} 6... Qc7 {27} 7. Qxa8 {2}
7... e5 {1} 8. Qe4 {17} 8... Bb4+ {14} 9. Bd2 {2} 9... Bxd2+ {2} 10. Kxd2 {1}
10... Nd7 {2} 11. dxe5 {13} 11... Bb7 {5} 12. Qd4 {4} 12... Nxe5 {3} 13. f4 {5}
13... Nc6 {14} 14. Qxg7 {5} 14... Qd6+ {19} 15. Ke1 {15} 15... Nf6 {20} 16.
Qxh8+ {4} 16... Ke7 {1} 17. Rd1 {12} 17... Qb4+ {2} 18. Rd2 {1} 18... Ne4 {7}
19. Nf3 {2} 19... Nxd2 {10} 20. Nxd2 {1} 20... Qa4 {19} 21. Be2 {
Kuppenheim gibt auf  (Lag: Av=0.38s, max=0.9s) 5} 1-0

[Event "Kuppenheim 12h-Blitz (4m + 0s)"]
[Site "Rochade Kuppenheim"]
[Date "2004.05.14"]
[Round "1.17"]
[White "Rostek (Kuppenheim)"]
[Black "Kingloek"]
[Result "0-1"]
[WhiteElo "1577"]
[BlackElo "2740"]
[PlyCount "38"]
[EventDate "2004.05.14"]

1. e4 {42} 1... e5 {3} 2. Nf3 {3} 2... Nc6 {1} 3. Bb5 {4} 3... Nf6 {2} 4. O-O {
3} 4... Nxe4 {1} 5. Re1 {2} 5... Nd6 {1} 6. Nxe5 {4} 6... Be7 {1} 7. Ba4 {6}
7... O-O {4} 8. d4 {2} 8... Nf5 {10} 9. c3 {3} 9... Nxe5 {8} 10. Rxe5 {3} 10...
d6 {14} 11. Re1 {2} 11... d5 {4} 12. Nd2 {5} 12... c6 {3} 13. Nf3 {1} 13... Bd6
{3} 14. Ne5 {4} 14... f6 {2} 15. Nf3 {3} 15... Qc7 {5} 16. Bc2 {3} 16... Bd7 {3
} 17. Qd3 {2} 17... g6 {3} 18. Bd2 {2} 18... Ng7 {7} 19. b4 {2} 19... Bf5 {
Kuppenheim gibt auf  (Lag: Av=0.48s, max=2.4s) 2} 0-1